[Event "Adelaide Lidums GM"]
[Site "Adelaide"]
[Date "2017.12.05"]
[Round "5"]
[White "Wallis, Christopher"]
[Black "Sukandar, Irine Kharisma"]
[Result "1/2-1/2"]
[WhiteElo "2380"]
[BlackElo "2384"]
[PlyCount "157"]
[EventDate "2017.12.02"]
[EventType "tourn"]
[EventRounds "9"]
[EventCountry "AUS"]
[EventCategory "8"]
[SourceTitle "CBM 182 Extra"]
[Source "ChessBase"]
[SourceDate "2018.02.23"]
[SourceVersion "1"]
[SourceVersionDate "2018.02.23"]
[SourceQuality "1"]

1. d4 Nf6 2. c4 e6 3. Nc3 Bb4 4. e3 0-0 5. Bd3 d5 6. Nf3 b6 7. 0-0 Ba6 8. cxd5 exd5 9. Bxa6 Nxa6 10. Qd3 Qc8 11. Bd2 Re8 12. Ne5 c5 13. f3 Nc7 14. Ne2 c4 15. Qc2 Bd6 16. Bc3 Nb5 17. Ng3 Nxc3 18. Qxc3 h5 19. h4 b5 20. f4 Ne4 21. Nxe4 dxe4 22. a4 a6 23. f5 b4 24. Qxc4 Bxe5 25. Qxc8 Raxc8 26. dxe5 Rxe5 27. Rac1 Rxc1 28. Rxc1 a5 29. Rc4 Kf8 30. Kh2 Ke7 31. g4 hxg4 32. Kg3 Rxf5 33. Rxe4+ Kd6 34. Rxg4 g6 35. Rc4 Rc5 36. Rf4 Ke6 37. Re4+ Kf6 38. Rd4 Ke6 39. Rd8 Re5 40. Kf4 Rf5+ 41. Kg3 Ke5 42. Re8+ Kd6 43. Ra8 Rc5 44. Kf4 Rf5+ 45. Kg3 Ke7 46. e4 Re5 47. Kf4 Rh5 48. Kg4 Rc5 49. Kf4 Kf6 50. Ra6+ Kg7 51. Ra7 b3 52. e5 Kf8 53. Rb7 Rc4+ 54. Kg5 Rxa4 55. Rxb3 Re4 56. Rb5 a4 57. Ra5 Kg7 58. Rb5 Re2 59. Kg4 Re4+ 60. Kg5 Kf8 61. Kf6 Rf4+ 62. Kg5 Rf5+ 63. Kg4 Rf2 64. Rb4 Ke7 65. Rxa4 Rxb2 66. h5 gxh5+ 67. Kxh5 Ke6 68. Kg4 Kxe5 69. Kf3 Rb3+ 70. Kf2 f5 71. Rc4 Kf6 72. Ra4 Kg5 73. Rc4 Rb2+ 74. Kf3 Rb1 75. Ra4 Rf1+ 76. Kg2 Rb1 77. Kf3 Rb3+ 78. Kf2 f4 79. Ra8 1/2-1/2

[Event "Begonia op 51st"]
[Site "Ballarat"]
[Date "2017.03.11"]
[Round "3"]
[White "Ben Harin, Amit"]
[Black "Wallis, Christopher"]
[Result "0-1"]
[WhiteElo "1315"]
[BlackElo "2363"]
[PlyCount "56"]
[EventDate "2017.03.11"]
[EventType "swiss"]
[EventRounds "7"]
[EventCountry "AUS"]
[SourceTitle "CBM 177 Extra"]
[Source "ChessBase"]
[SourceDate "2017.04.27"]
[SourceVersion "1"]
[SourceVersionDate "2017.04.27"]
[SourceQuality "1"]

1. e4 e6 2. d4 d5 3. Nc3 Nf6 4. Bg5 Bb4 5. e5 h6 6. Bd2 Bxc3 7. Bxc3 Ne4 8. Bd2 c5 9. c3 cxd4 10. cxd4 Qb6 11. Bc3 Bd7 12. Nf3 0-0 13. Bd3 Bb5 14. 0-0 Rc8 15. Rc1 Nc6 16. Re1 Bxd3 17. Qxd3 Rc7 18. b3 Rac8 19. Qe3 Nxe5 20. Nxe5 Nxc3 21. Nd7 Qxd4 22. Qxd4 Ne2+ 23. Kf1 Nxd4 24. Rxc7 Rxc7 25. Rd1 Nxb3 26. axb3 Rxd7 27. Ke2 Rc7 28. Kd3 Kf8 0-1

[Event "Begonia op 51st"]
[Site "Ballarat"]
[Date "2017.03.11"]
[Round "2"]
[White "Wallis, Christopher"]
[Black "Babic, Zoran"]
[Result "1-0"]
[WhiteElo "2363"]
[BlackElo "1856"]
[PlyCount "63"]
[EventDate "2017.03.11"]
[EventType "swiss"]
[EventRounds "7"]
[EventCountry "AUS"]
[SourceTitle "CBM 177 Extra"]
[Source "ChessBase"]
[SourceDate "2017.04.27"]
[SourceVersion "1"]
[SourceVersionDate "2017.04.27"]
[SourceQuality "1"]

1. d4 Nf6 2. c4 e6 3. Nc3 Bb4 4. e3 Bxc3+ 5. bxc3 b6 6. Bd3 Bb7 7. f3 d6 8. e4 e5 9. Ne2 Nbd7 10. 0-0 Qe7 11. Ng3 g6 12. Qa4 a5 13. Ba3 0-0 14. Rae1 c5 15. Qd1 Ne8 16. f4 f6 17. Qg4 Kh8 18. h4 Rg8 19. Qh3 Bc8 20. Qh2 Nf8 21. h5 g5 22. fxg5 Rxg5 23. Bc1 Rg8 24. Bh6 Ra7 25. Nf5 Bxf5 26. exf5 Nd7 27. Be4 Nc7 28. Qh4 Qf7 29. Bc6 Rd8 30. Re3 d5 31. dxe5 Qf8 32. Bxf8 1-0

[Event "Begonia op 51st"]
[Site "Ballarat"]
[Date "2017.03.11"]
[Round "6"]
[White "Wallis, Christopher"]
[Black "Smirnov, Anton"]
[Result "1/2-1/2"]
[WhiteElo "2363"]
[BlackElo "2504"]
[PlyCount "63"]
[EventDate "2017.03.11"]
[EventType "swiss"]
[EventRounds "7"]
[EventCountry "AUS"]
[SourceTitle "CBM 177 Extra"]
[Source "ChessBase"]
[SourceDate "2017.04.27"]
[SourceVersion "1"]
[SourceVersionDate "2017.04.27"]
[SourceQuality "1"]

1. d4 d5 2. c4 e6 3. Nc3 Nf6 4. cxd5 exd5 5. Bg5 c6 6. e3 Nbd7 7. Bd3 Be7 8. Nf3 Ne4 9. Bxe7 Qxe7 10. 0-0 0-0 11. Qc2 f5 12. Rae1 Rf6 13. Nd2 Rh6 14. f3 Qh4 15. h3 Ng3 16. Rf2 Nf6 17. Nf1 Nfh5 18. Nxg3 Nxg3 19. Ne2 Nxe2+ 20. Rfxe2 Qg5 21. f4 Qg6 22. Kh2 a5 23. a3 Bd7 24. Rf1 Qe6 25. Qc5 b5 26. a4 b4 27. Rc1 Qd6 28. Qxd6 Rxd6 29. Rc5 Kf7 30. Kg3 Rg6+ 31. Kf3 h5 32. h4 1/2-1/2